التفسير العلمي للقرآن بين الشيخ طنطاوي جوهري والشيخ محمد متولي الشعراوي : دراسة مقارنة /
Saved in:
| 主要作者: | |
|---|---|
| 其他作者: | |
| 格式: | Thesis |
| 語言: | Arabic |
| 出版: |
Gombak, Selangor:
al-Jami'ah al-Islamiyah al-'Alamiyah bi-Maliziya,
2004
|
| 主題: | |
| 標簽: |
添加標簽
沒有標簽, 成為第一個標記此記錄!
|
| LEADER | 020600000a22003730004500 | ||
|---|---|---|---|
| 001 | 301446 | ||
| 005 | 20230420113141.0 | ||
| 008 | 051007s2004 my a f 000 0 ara | ||
| 035 | |a (Sirsi) 301446 | ||
| 040 | |a UIAM |b eng | ||
| 050 | 0 | 0 | |a BP130.2 |
| 100 | 0 | |a محاضر بن الحاج جول |9 116539 | |
| 242 | 1 | 3 | |a al-Tafsir al-'ilmi lil-Qur'an bayna al-shaykh Tantawi Jawhari wa al-shaykh Muhammad Mutawalli al-Sha'rawi : dirasah muqaranah |
| 245 | 1 | 2 | |a التفسير العلمي للقرآن بين الشيخ طنطاوي جوهري والشيخ محمد متولي الشعراوي : |b دراسة مقارنة / |c إعداد محاضر بن الحاج جول |
| 260 | |a Gombak, Selangor: |b al-Jami'ah al-Islamiyah al-'Alamiyah bi-Maliziya, |c 2004 | ||
| 300 | |a 194 leaves ; |c 30 cm. | ||
| 336 | |2 rdacontent | ||
| 337 | |2 rdamedia | ||
| 338 | |2 rdacarrier | ||
| 500 | |a Abstracts in English and Arabic | ||
| 500 | |a "Bahth takmili muqaddama li-nayl mutallabat darjat al-Majistir fi Ma'arif al-Wahy wa-al-Turath (Qism Dirasat al-Qur'an wa-al-Hadithiyah)" -- On t.p | ||
| 502 | |a Thesis (MIRKH) -- International Islamic University Malaysia, 2004 | ||
| 600 | 1 | 4 | |a Jawhari, Tantawi, |d 1862-1940 |t al-Jawahir fi tafsir al-Qur'an al-karim |9 28443 |
| 600 | 1 | 0 | |a Sha'rawi, Muhammad Mutawalli |t Tafsir al-Sha'rawi |9 12817 |
| 630 | 0 | 0 | |a Qur'an |x Hermeneutics |
| 655 | 0 | 7 | |a Theses, IIUM local |
| 690 | 0 | |a Dissertations, Academic |x Department of Qur'an and Sunnah Studies |z IIUM | |
| 700 | 0 | |a Muhadir Haji Joll |9 14224 | |
| 900 | |a naw-ami | ||
| 942 | |2 lcc |n 0 | ||
| 999 | |c 431687 |d 463916 | ||
| 952 | |0 0 |6 LU T BP 130.2 M952T 2004 |7 0 |8 THESES |9 753269 |a IIUM |b IIUM |c CLOSEACCES |g 0.00 |o lu t BP 130.2 M952T 2004 |p 00000911764 |r 2017-10-24 |t 1 |v 0.00 |y THESIS | ||
| 952 | |0 0 |6 LU T BP 130.2 M952T 2004 |7 0 |8 THESES |9 753270 |a IIUM |b IIUM |c CLOSEACCES |g 0.00 |o lu t BP 130.2 M952T 2004 |p 00000911763 |r 2017-10-24 |t 2 |v 0.00 |y THESIS | ||
| 952 | |0 0 |6 T BP 130.2 M952T 2004 |7 0 |8 THESES |9 754145 |a IIUM |b IIUM |c MULTIMEDIA |g 0.00 |o t BP 130.2 M952T 2004 |p 00011275350 |r 2017-10-17 |t 1 |v 0.00 |y THESIS | ||
